Loading...
| Art - Painting/Sculpture | 0 | 9 | 1 | 0 | 85 | 33 | 88.67 | 2 | 7 |
| Science - Physics | 0 | 7 | 1 | 1 | 65 | 52 | 86.86 | 0 | 4 |
| Art - Music/Opera | 0 | 7 | 2 | 0 | 60 | 46 | 79.57 | 4 | 7 |
| Philosophy - Enlightenment | 0 | 2 | 0 | 0 | 20 | 125 | 131.50 | 0 | 1 |
| Art - Other | 0 | 2 | 0 | 0 | 20 | 100 | 104.50 | 1 | 1 |
| Science - Chemistry | 0 | 2 | 0 | 1 | 20 | 123 | 126.00 | 0 | 1 |
| Science - Other | 0 | 2 | 1 | 0 | 15 | 73 | 79.50 | 1 | 2 |
| Mythology - Greco/Roman | 0 | 1 | 0 | 0 | 10 | 86 | 86.00 | 0 | 0 |
| History - Other | 0 | 1 | 0 | 1 | 10 | 142 | 142.00 | 0 | 0 |
| Literature - European drama | 0 | 1 | 0 | 0 | 10 | 96 | 96.00 | 0 | 0 |
| Literature - European poetry | 0 | 1 | 0 | 0 | 10 | 117 | 117.00 | 0 | 0 |
| Literature - World/Misc long fiction | 0 | 1 | 0 | 0 | 10 | 54 | 54.00 | 0 | 0 |
| Science - Astronomy | 0 | 1 | 0 | 0 | 10 | 85 | 85.00 | 0 | 1 |
| Science - Earth | 0 | 1 | 0 | 1 | 10 | 135 | 135.00 | 0 | 0 |
| Science - Other/CL/Misc | 0 | 1 | 0 | 0 | 10 | 82 | 82.00 | 0 | 1 |
| Art - Visual | 0 | 1 | 2 | 0 | 0 | 98 | 98.00 | 0 | 0 |
| Social Science - Economics | 0 | 0 | 1 | 0 | -5 | 0.00 | 0 | 0 | |
| Mythology - Egyptian | 0 | 0 | 1 | 0 | -5 | 0.00 | 0 | 0 |